Bio residues to energy

Energia ako fenomén doby, ktorej výroba a riadenie budú mať zásadný význam pre budúci rozvoj zeme. Environmentálne škodlivá energia z fosílnych palív a jej nahradenie novými šetrnými prírodnými zdrojmi energie.

Saved in:
Bibliographic Details
Main Author: Jankelová, Nadežda, 1966-
Other Authors: Jaška, Juraj, 1979-
Format: Book Chapter
Language:English
Subjects:
Tags: Add Tag
No Tags, Be the first to tag this record!

MARC

LEADER 00000naa a2200000 4500
001 0216355
005 20240502083543.1
041 0 |a eng 
044 |a IT 
245 1 0 |a Bio residues to energy  |c Nadežda Jankelová, Juraj Jaška 
520 |a Energia ako fenomén doby, ktorej výroba a riadenie budú mať zásadný význam pre budúci rozvoj zeme. Environmentálne škodlivá energia z fosílnych palív a jej nahradenie novými šetrnými prírodnými zdrojmi energie. 
610 2 0 |a energia 
610 2 0 |a palivá fosílne 
610 2 0 |a zdroje energie prírodné 
610 2 0 |a zdroje energie alternatívne 
610 2 0 |a zdroje energie obnoviteľné 
610 2 0 |a environmentalistika 
610 2 0 |a bezpečnosť energetická 
100 1 |a Jankelová, Nadežda, 1966- 
700 1 |a Jaška, Juraj, 1979-